| 000 | 00409nam a22001337a 4500 | ||
|---|---|---|---|
| 082 |
_a894.812 _bSRE/S |
||
| 100 | _aSREE RAMAKRISHNA MADAM | ||
| 245 | _aSWAMI VIVEKANANDANTE RASHTRATHODULLA AHWANAM | ||
| 246 |
_aSWAMI VIVEKANANDANTE RASHTRATHODULLA AHWANAM _bSWAMI VIVEKANANDANTE RASHTRATHODULLA AHWANAM |
||
| 260 |
_aTHRISSUR _bPRABUDHA KERALAM _c2005 |
||
| 300 | _a100 | ||
| 650 | _aMALAYALAM | ||
| 942 | _cBK | ||
| 999 |
_c9062 _d9062 |
||